Statistics for Top 50 Songs of 2016

Click here to take the quiz!

General Stats

  • This quiz has been taken 77 times
  • The average score is 9 of 50

Answer Stats

# Artist Song % Correct
2Rihanna (ft. Drake)Work
82%
10Drake (ft. Wiz Kid & Kyla)One Dance
72%
13Desiigner/Kanye WestPanda/Father Stretch My Hands Pt. 2
72%
6Rae Sremmurd (ft. Gucci Mane)Black Beatles
46%
8D.R.A.M. (ft. Lil Yachty)Broccoli
44%
34Calvin Harris (ft. Rihanna)This Is What You Came For
41%
12BeyoncéSorry
39%
1BeyoncéFormation
31%
42DJ Snake (ft. Justin Bieber)Let Me Love You
30%
50DesiignerTimmy Turner
28%
32DrakeControlla
23%
33Childish GambinoRedbone
20%
24Migos (ft. Lil Uzi Vert)Bad And Boujee
18%
5Chance the Rapper (ft. 2 Chainz & Lil Wayne)No Problem
18%
7Young Thug & Travis Scott (ft. Quavo)Pick Up The Phone
16%
14RihannaNeeded Me
16%
15Fat Joe, Remy Ma, & Jay-Z (ft. French Montana & Infared)All The Way Up (Remix)
16%
46Lil Yachty1Night
16%
4521 Savage & Metro BoominNo Heart
16%
49Kanye West (ft. 2 Chainz, Big Sean, Quavo, Gucci Mane, Yo Gotti, Travis Scott, & Desiigner)Champions
15%
25PartyNextDoor (ft. Drake)Come And See Me
15%
21Young M.AOOOUUU
15%
30Kendrick LamarUntitled 07/Levitate
15%
35Schoolboy Q (ft. Kanye West)That Part
13%
44Bruno MarsThat's What I Like
13%
27Young ThugDigits
13%
3Kanye West (ft. Kid Cudi & Kelly Price)Father Stretch My Hands Pt. 1
11%
31Kanye West (ft. Chance the Rapper)Ultralight Beam
11%
19Lil Uzi VertMoney Longer
11%
23The WeekndReminder
11%
22French Montana (ft. Kodak Black)Lockjaw
11%
43Young Thug (ft. Wyclef Jean)Kanye West
10%
11Frank OceanNights
10%
4Solange KnowlesCranes In The Sky
10%
16Travis Scott (ft. Kid Cudi)Through The Late Night
10%
412 Chainz (ft. Gucci Mane & Quavo)Good Drank
8%
47Meek Mill (ft. Young Thug & 21 Savage)Offended
8%
38Lady GaGaMillion Reasons
8%
9Young ThugWith Them
8%
29Danny Brown (ft. Kendrick Lamar, Ab-Soul & Earl Sweatshirt)Really Doe
7%
36Mac Miller (ft. Njomza)Planet God D**n
7%
20KamaiyahHow Does It Feel?
5%
18Drake4PM In Calabasas
5%
17A Tribe Called Quest (ft. Busta Rhymes)Dis Generation
5%
37Ty Dolla $ignZaddy
5%
40Kid CudiSurfin
3%
39Pusha T (ft. Jay-Z)Drug Dealers Anonymous
3%
28KaytranadaLite Spots
3%
48Noname (ft. Cam O'Bi & Raury)Diddy Bop
3%
26SamphaTimmy's Prayer
3%

Score Distribution

Percentile by Number Answered

Percent of People with Each Score

Your Score History

You have not taken this quiz